छंद प्रीतीचा (Record no. 410054)

MARC details
000 -LEADER
fixed length control field 00446nam a2200145Ia 4500
008 - FIXED-LENGTH DATA ELEMENTS--GENERAL INFORMATION
fixed length control field 100122s9999 xx 000 0 und d
082 ## - DEWEY DECIMAL CLASSIFICATION NUMBER
Item number 22100
Classification number 823
100 ## - MAIN ENTRY--PERSONAL NAME
Personal name हसमनीस द का
245 ## - TITLE STATEMENT
Title छंद प्रीतीचा
260 ## - PUBLICATION, DISTRIBUTION, ETC. (IMPRINT)
Name of publisher, distributor, etc मनमोहिनी प्रकाशन
Date of publication, distribution, etc 1975
300 ## - PHYSICAL DESCRIPTION
Extent 118
630 ## - SUBJECT ADDED ENTRY--UNIFORM TITLE
Uniform title छंद प्रीतीचा
730 ## - ADDED ENTRY--UNIFORM TITLE
Uniform title छंद प्रीतीचा
942 ## - ADDED ENTRY ELEMENTS (KOHA)
Koha item type Book
Holdings
Withdrawn status Lost status Damaged status Not for loan Home library Current library Date acquired Cost, normal purchase price Total Checkouts Full call number Barcode Date last seen Cost, replacement price Price effective from Koha item type Public note
        S.V. Pathak Library, Vile Parle S.V. Pathak Library, Vile Parle 06/06/1975 10.00   22100 SVPPARLE-22100 01/25/2010 10.00 01/25/2010 Book General NA